000 00304nam a22001337a 4500
008 170731b xxu||||| |||| 00| 0 eng d
020 _a3540115994
041 _ager
080 _a004
100 _a32
101 _aSHK
245 _aBETRIEBS- UND WIRTSCHAFTS- INFORMATIK
_cHANSEN,H.R
942 _2udc
_cBK
999 _c22252
_d22252